[Event "Daqing Boyi Cup-A"]
[Site "Daqing"]
[Date "2023.08.13"]
[Round "1"]
[White "Liu, Kaiyi"]
[Black "Zhang, Zhuoran"]
[Result "1/2-1/2"]
[WhiteElo "2003"]
[BlackElo "1859"]
[PlyCount "98"]
[EventDate "2023.08.13"]
[EventType "swiss"]
[EventRounds "9"]
[EventCountry "CHN"]
[SourceTitle "EXT 2024"]
[Source "ChessBase"]
[SourceDate "2023.10.10"]
[SourceVersion "1"]
[SourceVersionDate "2023.10.10"]
[SourceQuality "1"]

1. d4 Nf6 2. Nf3 c5 3. d5 g6 4. Nc3 d6 5. h3 Bg7 6. e4 0-0 7. Be2 e5 8. Bg5 a6 9. a4 Nbd7 10. Qd2 Qb6 11. 0-0 Nh5 12. a5 Qc7 13. g4 Nhf6 14. Qe3 b5 15. axb6 Nxb6 16. Nd2 Ne8 17. Na4 Nxa4 18. Rxa4 Qd7 19. Rfa1 Nc7 20. Nc4 Rb8 21. c3 f5 22. f3 Bf6 23. Bxf6 Rxf6 24. b4 fxe4 25. fxe4 cxb4 26. Nb6 Qd8 27. Rxb4 Nb5 28. Nxc8 Qxc8 29. Rc4 Qb7 30. Rc6 Nc7 31. g5 Rf4 32. Rxd6 Qb2 33. Rf1 Rxf1+ 34. Bxf1 Nb5 35. Rxa6 Nxc3 36. Rc6 Nd1 37. Qc5 Qd2 38. Rc8+ Rxc8 39. Qxc8+ Kg7 40. Qd7+ Kf8 41. Qd8+ Kf7 42. Qf6+ Kg8 43. Qe6+ Kf8 44. Qf6+ Kg8 45. Qe6+ Kf8 46. Qd6+ Kf7 47. Qd7+ Kf8 48. Qd8+ Kf7 49. Qf6+ Kg8 1/2-1/2

[Event "Belt and Road Hunan op-B"]
[Site "Changsha"]
[Date "2019.07.31"]
[Round "5"]
[White "Cheng, Yuanda"]
[Black "Liu, Kaiyi"]
[Result "1-0"]
[WhiteElo "2117"]
[BlackElo "2009"]
[PlyCount "61"]
[EventDate "2019.07.29"]
[EventType "swiss"]
[EventRounds "9"]
[EventCountry "CHN"]
[SourceTitle "EXT 2020"]
[Source "ChessBase"]
[SourceDate "2019.10.17"]
[SourceVersion "1"]
[SourceVersionDate "2019.10.17"]
[SourceQuality "1"]

1. e4 e6 2. d4 d5 3. exd5 exd5 4. Nf3 Nf6 5. Bd3 Bd6 6. 0-0 0-0 7. c3 c6 8. Bg5 Bg4 9. h3 Bh5 10. Nbd2 Nbd7 11. Qc2 Qc7 12. Rae1 Rfe8 13. Nh4 Bg6 14. Nxg6 hxg6 15. c4 Bh2+ 16. Kh1 Bf4 17. Bxf4 Qxf4 18. Nf3 g5 19. Qd2 dxc4 20. Bxc4 Qxd2 21. Nxd2 Nb6 22. Bb3 g4 23. hxg4 Nxg4 24. Ne4 Nd5 25. g3 Rad8 26. Kg2 Nge3+ 27. Rxe3 Nxe3+ 28. fxe3 Rd7 29. Rxf7 Rxf7 30. Bxf7+ Kxf7 31. Nd6+ 1-0

[Event "Asia-chT Cup U14"]
[Site "Jiaxing"]
[Date "2016.11.11"]
[Round "9.14"]
[White "Piyumantha, M Sasith Nipun"]
[Black "Liu, Kaiyi"]
[Result "1-0"]
[WhiteElo "2040"]
[BlackElo "1854"]
[PlyCount "63"]
[EventDate "2016.11.06"]
[EventType "swiss"]
[EventRounds "9"]
[EventCountry "CHN"]
[SourceTitle "EXT 2021"]
[Source "ChessBase"]
[SourceDate "2020.10.23"]
[SourceVersion "1"]
[SourceVersionDate "2020.10.23"]
[SourceQuality "1"]

1. d4 Nf6 2. c4 e6 3. g3 Bb4+ 4. Bd2 Qe7 5. Nf3 b6 6. Bg2 Bb7 7. Nc3 0-0 8. 0-0 d6 9. Rc1 a5 10. Bg5 Bxc3 11. Rxc3 Nbd7 12. d5 e5 13. e4 h6 14. Bxf6 Nxf6 15. Qc2 Bc8 16. b3 Nh7 17. a3 f5 18. Nh4 Qf7 19. exf5 Nf6 20. h3 Nh5 21. Be4 Bd7 22. Kh2 Nf6 23. g4 a4 24. b4 b5 25. c5 Nxd5 26. Bxd5 Qxd5 27. Rd1 Qf7 28. cxd6 cxd6 29. Ng6 Rfc8 30. Rxd6 Rxc3 31. Qxc3 Rc8 32. Qxc8+ 1-0

[Event "Asia-chT Cup U14"]
[Site "Jiaxing"]
[Date "2016.11.10"]
[Round "7.2"]
[White "Derakhshani, Borna"]
[Black "Liu, Kaiyi"]
[Result "1-0"]
[WhiteElo "2229"]
[BlackElo "1854"]
[PlyCount "101"]
[EventDate "2016.11.06"]
[EventType "swiss"]
[EventRounds "9"]
[EventCountry "CHN"]
[SourceTitle "EXT 2021"]
[Source "ChessBase"]
[SourceDate "2020.10.23"]
[SourceVersion "1"]
[SourceVersionDate "2020.10.23"]
[SourceQuality "1"]

1. d4 Nf6 2. Bf4 e6 3. e3 b6 4. Nf3 Bb7 5. c3 Be7 6. h3 0-0 7. Bd3 Ne4 8. Qc2 f5 9. Nbd2 d5 10. Ne5 Nd7 11. Nxd7 Qxd7 12. Nf3 c5 13. Ne5 Qd8 14. 0-0 Bd6 15. f3 Nf6 16. Bh2 Nd7 17. e4 cxd4 18. cxd4 Rc8 19. Qe2 Nxe5 20. dxe5 Bc5+ 21. Kh1 fxe4 22. fxe4 dxe4 23. Bxe4 Bxe4 24. Qxe4 Qd4 25. Qc2 Rcd8 26. Rfd1 Qh4 27. Qb3 Qe7 28. Bg3 h6 29. Qc4 Rxd1+ 30. Rxd1 a5 31. Kh2 Kh8 32. a3 Rf5 33. Bh4 Qf7 34. Rd8+ Kh7 35. Qd3 Qc7 36. Bf6 Bg1+ 37. Kxg1 Qc1+ 38. Kh2 Qf4+ 39. Qg3 Qxg3+ 40. Kxg3 gxf6 41. exf6 Rxf6 42. Rd6 Rg6+ 43. Kf3 e5 44. Rxg6 Kxg6 45. Ke4 Kf6 46. a4 Ke6 47. g4 Kf6 48. h4 Ke6 49. g5 hxg5 50. hxg5 Kd6 51. g6 1-0

[Event "Asia-chT Cup U14"]
[Site "Jiaxing"]
[Date "2016.11.09"]
[Round "5.5"]
[White "Ong, Yi Herng Joel"]
[Black "Liu, Kaiyi"]
[Result "0-1"]
[WhiteElo "1783"]
[BlackElo "1854"]
[PlyCount "68"]
[EventDate "2016.11.06"]
[EventType "swiss"]
[EventRounds "9"]
[EventCountry "CHN"]
[SourceTitle "EXT 2021"]
[Source "ChessBase"]
[SourceDate "2020.10.23"]
[SourceVersion "1"]
[SourceVersionDate "2020.10.23"]
[SourceQuality "1"]

1. d4 Nf6 2. c4 e6 3. Nf3 b6 4. g3 Bb7 5. Bg2 Be7 6. 0-0 0-0 7. Nc3 Ne4 8. Qc2 Nxc3 9. Qxc3 c5 10. Be3 d6 11. Rfd1 Qc7 12. Rac1 Nc6 13. a3 e5 14. dxe5 dxe5 15. b3 Nd4 16. Kf1 f5 17. Ne1 Bf6 18. Qb2 g5 19. Bxd4 cxd4 20. Qc2 e4 21. c5 Bd5 22. b4 b5 23. Kg1 Qf7 24. Rb1 Ba2 25. Rb2 d3 26. exd3 Bxb2 27. Qxb2 Bd5 28. Qb1 Rae8 29. Qb2 exd3 30. Nxd3 Bxg2 31. Kxg2 Qd5+ 32. Kg1 f4 33. Qc2 f3 34. Nf4 gxf4 0-1

[Event "Asia-chT Cup U14"]
[Site "Jiaxing"]
[Date "2016.11.07"]
[Round "3.1"]
[White "Yu, Kaifeng"]
[Black "Liu, Kaiyi"]
[Result "1-0"]
[WhiteElo "2241"]
[BlackElo "1854"]
[PlyCount "127"]
[EventDate "2016.11.06"]
[EventType "swiss"]
[EventRounds "9"]
[EventCountry "CHN"]
[SourceTitle "EXT 2021"]
[Source "ChessBase"]
[SourceDate "2020.10.23"]
[SourceVersion "1"]
[SourceVersionDate "2020.10.23"]
[SourceQuality "1"]

1. d4 Nf6 2. c4 e6 3. Nf3 b6 4. g3 Bb7 5. Bg2 Be7 6. 0-0 0-0 7. Nc3 Ne4 8. Qc2 Nxc3 9. Qxc3 Be4 10. Rd1 d5 11. cxd5 exd5 12. Ne5 Bxg2 13. Kxg2 f6 14. Nd3 Qd7 15. Bf4 c6 16. Rac1 Rc8 17. b4 Na6 18. a4 Bd6 19. Qb3 Nc7 20. Bxd6 Qxd6 21. Rc2 Ne6 22. e3 Rc7 23. Rdc1 Rac8 24. h4 Qd7 25. Nb2 c5 26. bxc5 bxc5 27. dxc5 Rxc5 28. Rxc5 Rxc5 29. Rxc5 Nxc5 30. Qc2 Ne6 31. Qf5 Nc5 32. Qf4 Ne6 33. Qg4 d4 34. exd4 Qd5+ 35. Qf3 Qxd4 36. Nd3 Nc7 37. a5 Qd5 38. Nf4 Qxa5 39. Qb3+ Kf8 40. Qd3 Kg8 41. Qc4+ Kf8 42. Qxc7 Qxc7 43. Ne6+ Ke7 44. Nxc7 a5 45. Nb5 Ke6 46. Kf3 Kd5 47. Ke3 Kc4 48. Nd6+ Kc3 49. Ne4+ Kc4 50. Kd2 Kd4 51. Nd6 a4 52. h5 Ke5 53. Ne8 a3 54. Kc3 Ke4 55. Nxg7 Kf3 56. h6 Kxf2 57. Nh5 f5 58. Nf6 Kxg3 59. Nxh7 f4 60. Nf6 f3 61. h7 a2 62. Kb2 Kf4 63. h8Q f2 64. Qh1 1-0